Less Exciting Movies Quiz Stats

 Plays Quiz Updated Feb 22, 2012

Challenge
Share
Tweet
Embed
Score 0/24 Timer 10:00
1 Play Today
'Lesser' Title Original Title % Correct
9 Things I Don't Like About You10 Things I Hate About You
86.1%
The Okay, the Not So Nice, and the HomelyThe Good, The Bad, and the Ugly
84.9%
Assignment: DifficultMission: Impossible
80.2%
Cubic Zirconia Are for a Pretty Long TimeDiamonds Are Forever
75.8%
Hundred Peso FetusMillion Dollar Baby
74.2%
Three Engagements and an IllnessFour Weddings and a Funeral
71.4%
Vague and Imminent RiskClear and Present Danger
57.3%
The Untidy TenThe Dirty Dozen
56.1%
Decaf and Nicotine GumCoffee and Cigarettes
53.3%
Most of the Secretary of State's PeopleAll the President's Men
52.5%
A Handful of NickelsA Fistful of Dollars
52.1%
Six Fiancées for Six FriendsSeven Brides for Seven Brothers
49.9%
'Lesser' Title Original Title % Correct
The Second Best Show in the HemisphereThe Greatest Show on Earth
49.3%
StringRope
48.2%
The Nine SuggestionsThe Ten Commandments
47.2%
The Pretty Good SixThe Magnificent Seven
46.5%
The Loose Association of Regular DudesThe League of Extraordinary Gentlemen
43%
Militia of Insufficient LightingArmy of Darkness
41.6%
Disgruntled CowRaging Bull
40.9%
The Month of Living UnsafelyThe Year of Living Dangerously
37.4%
The Dim SquireThe Dark Knight
32.8%
A Boy for AutumnA Man for All Seasons
31.4%
Infatuation and InjuryLove and Death
30.3%
Unfriendly Cul-de-sacsMean Streets
27.7%

You're not logged in!

Compare scores with friends on all Sporcle quizzes.
Join for Free
OR
Log In

You Might Also Like...

Show Comments

Extras

Top Quizzes Today


Score Distribution

Your Account Isn't Verified!

In order to create a playlist on Sporcle, you need to verify the email address you used during registration. Go to your Sporcle Settings to finish the process.

Report this User

Report this user for behavior that violates our Community Guidelines.

Details: